Motion and time study : (Record no. 339)
[ view plain ]
| 000 -LEADER | |
|---|---|
| fixed length control field | 01201cam a2200349 i 4500 |
| 001 - CONTROL NUMBER | |
| control field | 339 |
| 003 - CONTROL NUMBER IDENTIFIER | |
| control field | BD-DhEWU |
| 005 - DATE AND TIME OF LATEST TRANSACTION | |
| control field | 20140615202303.0 |
| 008 - FIXED-LENGTH DATA ELEMENTS--GENERAL INFORMATION | |
| fixed length control field | 800110s1980 nyua g b 001 0 eng d |
| 020 ## - INTERNATIONAL STANDARD BOOK NUMBER | |
| International Standard Book Number | 0471083356 |
| International Standard Book Number | 0471059056 |
| International Standard Book Number | 9780471059059 |
| 035 ## - SYSTEM CONTROL NUMBER | |
| System control number | (OCoLC)5946421 |
| 040 ## - CATALOGING SOURCE | |
| Original cataloging agency | DLC |
| Transcribing agency | DLC |
| Modifying agency | DLC |
| -- | BD-DhEWU |
| Language of cataloging | eng |
| 041 ## - LANGUAGE CODE | |
| Language code of text/sound track or separate title | eng |
| 050 00 - LIBRARY OF CONGRESS CALL NUMBER | |
| Classification number | T60.4 |
| Item number | .B39 1980 |
| 082 04 - DEWEY DECIMAL CLASSIFICATION NUMBER | |
| Classification number | 658.5'42 |
| Edition number | 22 |
| Item number | BAM 1980 |
| 100 1# - MAIN ENTRY--PERSONAL NAME | |
| Personal name | Barnes, Ralph Mosser, |
| 9 (RLIN) | 12042 |
| 245 10 - TITLE STATEMENT | |
| Title | Motion and time study : |
| Remainder of title | design and measurement of work / |
| Statement of responsibility, etc | Ralph M. Barnes. |
| 250 ## - EDITION STATEMENT | |
| Edition statement | 7th ed. |
| 260 ## - PUBLICATION, DISTRIBUTION, ETC. (IMPRINT) | |
| Place of publication, distribution, etc | New York : |
| Name of publisher, distributor, etc | Wiley, |
| Date of publication, distribution, etc | c1980. |
| 300 ## - PHYSICAL DESCRIPTION | |
| Extent | xi, 689 p. : |
| Other physical details | ill. ; |
| Dimensions | 24 cm. |
| 500 ## - GENERAL NOTE | |
| General note | Online version:<br/>Barnes, Ralph Mosser, 1900-<br/>Motion and time study.<br/>New York : Wiley, c1980<br/>(OCoLC)557472527 |
| 504 ## - BIBLIOGRAPHY, ETC. NOTE | |
| Bibliography, etc | Inculudes bibliographical references and index. |
| 526 ## - STUDY PROGRAM INFORMATION NOTE | |
| Program name | English |
| 590 ## - LOCAL NOTE (RLIN) | |
| Local note | Saifun Momota |
| 650 #0 - SUBJECT ADDED ENTRY--TOPICAL TERM | |
| Topical term or geographic name as entry element | Motion study. |
| 9 (RLIN) | 12043 |
| Topical term or geographic name as entry element | Time study. |
| 9 (RLIN) | 12044 |
| 856 ## - ELECTRONIC LOCATION AND ACCESS | |
| Materials specified | WorldCat details |
| Uniform Resource Identifier | http://www.worldcat.org/title/motion-and-time-study-design-and-measurement-of-work/oclc/5946421&referer=brief_results |
| 942 ## - ADDED ENTRY ELEMENTS (KOHA) | |
| Source of classification or shelving scheme | Dewey Decimal Classification |
| Koha item type | Text |
| Withdrawn status | Lost status | Source of classification or shelving scheme | Damaged status | Not for loan | Collection code | Home library | Current library | Shelving location | Date acquired | Source of acquisition | Cost, normal purchase price | Total Checkouts | Full call number | Barcode | Copy number | Koha item type |
|---|---|---|---|---|---|---|---|---|---|---|---|---|---|---|---|---|
| Dewey Decimal Classification | Not For Loan | Non-fiction | Dr. S. R. Lasker Library, EWU | Dr. S. R. Lasker Library, EWU | Reserve Section | 23/03/2000 | Karim International | 1137.84 | 658.542 BAM 1980 | 7612 | C-2 | Text | ||||
| Dewey Decimal Classification | Not For Loan | Non-fiction | Dr. S. R. Lasker Library, EWU | Dr. S. R. Lasker Library, EWU | Reserve Section | 23/03/2000 | Karim International | 1137.84 | 658.542 BAM 1980 | 7611 | C-1 | Text |